Top 10 des pays avec le plus de BBL - Statistiques

Statistiques générales
  • Ce quiz a été pris 131 fois
  • Le résultat moyen est 6 sur 10
Statistiques - réponses
Hint Réponse % Correct
42 528 Etats-Unis
94%
175 899 Brésil
88%
17 900. Argentine
74%
95 521 Mexique
70%
2 945 Allemagne
54%
5 099 Italie
54%
4 082 Royaume-Uni
54%
18 611 Turquie
42%
4 363 Inde
34%
10 978 Iran
10%
Aucun quiz correspondant
Distribution des résultats
% des personnes avec chaque résultat
Percentile par nombre de réponses
Votre historique - résultats
Vous n’avez pas pris ce quiz